000 00917nmm a2200277 a 4500
001 ocm000576576
003 TR-IsHL
005 20201028123206.0
008 110704s2004 tu tur
007 cr cn
020 _a9789758606139
035 _a576576
_b(N$T)
050 0 4 _aPN1009.T8
_bN37 2004
090 0 4 _aPN1009.T8
_bN37 2004
100 1 _aNas, Recep
245 1 0 _aÖrneklerle çocuk edebiyatı
_h[electronic resource] /
_cRecep Nas
250 _a1. bs.
260 _aBursa :
_bEzgi Kitabevi,
_c2004
300 _a446 p.
650 4 _aDil ve Edebiyat
650 4 _aLanguage and Literature
650 0 _aÇocuk edebiyatı, Türk
_x Tarih ve eleştiri
650 0 _aChildren's literature, Turkish
_x History and criticism
650 7 _aLITERARY CRITICISM / Children's Literature
_2bisacsh
856 4 0 _uhttp://search.ebscohost.com/login.aspx?direct=true&scope=site&db=e011xww&AN=576576
999 _c2272
_d2272